Introduction to electronic defense systems / (Record no. 60338)

000 -LEADER
fixed length control field 01357cam a22003737a 4500
001 - CONTROL NUMBER
control field 18203029
003 - CONTROL NUMBER IDENTIFIER
control field NUST-PNEC
005 - DATE AND TIME OF LATEST TRANSACTION
control field 20170116180654.0
008 - FIXED-LENGTH DATA ELEMENTS--GENERAL INFORMATION
fixed length control field 140627r20062001njua b 001 0 eng d
010 ## - LIBRARY OF CONGRESS CONTROL NUMBER
LC control number 2014412588
020 ## - INTERNATIONAL STANDARD BOOK NUMBER
International Standard Book Number 1891121499
020 ## - INTERNATIONAL STANDARD BOOK NUMBER
International Standard Book Number 9781891121494
035 ## - SYSTEM CONTROL NUMBER
System control number (OCoLC)ocm64573423
040 ## - CATALOGING SOURCE
Original cataloging agency TEF
Transcribing agency TEF
Modifying agency BAKER
-- YDXCP
-- OCLCQ
-- BTCTA
-- OCLCF
-- DLC
041 1# - LANGUAGE CODE
Language code of text/sound track or separate title eng
Language code of original ita
042 ## - AUTHENTICATION CODE
Authentication code lccopycat
050 00 - LIBRARY OF CONGRESS CALL NUMBER
Classification number UG485
Item number .N4713 2006
082 04 - DEWEY DECIMAL CLASSIFICATION NUMBER
Classification number 621.381 NER
100 1# - MAIN ENTRY--PERSONAL NAME
Personal name Neri, Filippo.
240 10 - UNIFORM TITLE
Uniform title Introduzione ai sistemi di difesa elettronica.
Language of a work English
245 10 - TITLE STATEMENT
Title Introduction to electronic defense systems /
Statement of responsibility, etc. Filippo Neri.
250 ## - EDITION STATEMENT
Edition statement 2nd ed.
260 ## - PUBLICATION, DISTRIBUTION, ETC.
Place of publication, distribution, etc. Edison, NJ :
Name of publisher, distributor, etc. SciTech Pub.,
Date of publication, distribution, etc. c2006.
300 ## - PHYSICAL DESCRIPTION
Extent xix, 622 p. :
Other physical details ill. ;
Dimensions 23 cm.
490 1# - SERIES STATEMENT
Series statement Artech House radar library
500 ## - GENERAL NOTE
General note Includes reprinting of original Artech House title page.
500 ## - GENERAL NOTE
General note "This is the SciTech corrected and reprinted softcover version of the second edition published by Artech House"--T.p. verso.
504 ## - BIBLIOGRAPHY, ETC. NOTE
Bibliography, etc. note Includes bibliographical references and index.
650 #0 - SUBJECT ADDED ENTRY--TOPICAL TERM
Topical term or geographic name entry element Electronics in military engineering.
General subdivision EL
830 #0 - SERIES ADDED ENTRY--UNIFORM TITLE
Uniform title Artech House radar library.
906 ## - LOCAL DATA ELEMENT F, LDF (RLIN)
a 7
b cbc
c copycat
d 2
e ncip
f 20
g y-gencatlg
942 ## - ADDED ENTRY ELEMENTS (KOHA)
Source of classification or shelving scheme
Koha item type Book
Holdings
Withdrawn status Lost status Source of classification or shelving scheme Damaged status Not for loan Permanent Location Current Location Date acquired Source of acquisition Cost, normal purchase price Total Checkouts Full call number Barcode Date last seen Cost, replacement price Price effective from Koha item type Shelving location
          Pakistan Navy Engineering College (PNEC) Pakistan Navy Engineering College (PNEC) 02/08/2011 Progressive International Agency 11125.63   621.381 NER PNECLIB-030350 09/06/2014 11125.63 02/08/2011 Book  
          Pakistan Navy Engineering College (PNEC) Pakistan Navy Engineering College (PNEC)         621.381 NER PNECLIB-025552 09/21/2015     Book  
© 2023 Central Library, National University of Sciences and Technology. All Rights Reserved.